000 nam a22 7a 4500
999 _c9744
_d9744
008 180207b ||||| |||| 00| 0 eng d
100 _aBlyton, E
_95848
245 _aThree cheers secret seven
260 _aLondon
_bHadder Publication
_c2004